01330cam a2200289 i 450000500170000000800410001701500080005802000150006604000370008104100180011808200160013610000310015224501140018326000350029730000470033249000460037950400420042554600450046765000190051265000240053165000310055571000670058694200180065399900150067195201840068695201700087020180803165114.0030714s2002 ck a r 000 0 eng d aSSN a9076894078 aCO-BoPUJcCO-BoIAVH dCO-BoIAVH 0 aengaspaager04a583.3bO74e1 aOrozco Pardo, Clara Inés10aEvolutionary biology of brunellia Ruiz & Pavón :b(Brunelliaceae, oxalidales) /cClara Inés Orozco Pardo. aBogotá : bGuadalupe,c2002. a194 páginas : bilustraciones ; c23 cm.00aColección Jorge Álvarez Lleras ; v22 aIncluye referencias bibliográficas. aTexto en Inglés, Español y Alemán.14aDicotiledonias24aTaxonomía vegetal24aEvolución de las plantas2 aAcademia Colombiana de Ciencias Exactas, F´isicas y Naturales 2ddccLIBRO01 c3635d3635 00102ddc40708GENERALIINV2017aBogotabBogotad2004-01-30eInstitutog15000.00l1oLB-583.3 O74ep015344r2016-02-22 00:00:00s2016-02-22tEj. 1w2012-12-04xDonaciónyLIBRO 00102ddc40708GENERALIINV2017aVenadobVenadod2004-08-09eInstitutog15000.00l0oLB-583.3 O74ep016434r2012-12-04 00:00:00tEj. 2w2012-12-04xDonacionyLIBRO